000
00328nam a2200133Ia 4500
005
20260328101510.0
008
260328s9999||||xx |||||||||||||| ||und||
100
_a
García Jiménez, Adrián
245
0
_a
Le Corbusier /
_c
Adrián García Jiménez
260
_b
Cinco
300
_a
203 p.
650
_a
Corbusier, Le
942
_c
BK
999
_c
9153
_d
9153